000 00989nam0a22002411 4500
001 rc\4496935
005 20130416173203.6
035 _a(NLR Aleph) 008340522
090 _a8874390
_c8874390
100 _a20130416d1957 |||y0rusy50 ca
101 0 _arus
102 _aRU
105 _ay z |||||
200 1 _aКурорт Джермук
_e[Сборник]
_fПод общ. ред. засл. деятеля науки проф. Т.С. Мнацаканова
210 _aЕреван
_cБ. и.
_d1957
215 _a372 с.
_cграф.
_d21
225 1 _aМинистерство здравоохранения Армянской ССР. Научно-исследовательский институт курортологии и физических методов лечения. [Сборник трудов]
_vВып. 2
702 1 _aМнацаканов
_bТ. С.
_4340
801 0 _aRU
_bNLR
_gpsbo
801 1 _aRU
_bELAR
_2rusmarc
852 _aNLR
_jП17/226
942 _cBOOK
980 _aNB